Normal view
MARC view
- Executive ability.
Entry Topical Term
001 - CONTROL NUMBER
- control field: 12471
003 - CONTROL NUMBER IDENTIFIER
- control field: NUST
005 - DATE AND TIME OF LATEST TRANSACTION
- control field: 20181031041512.0
008 - FIXED-LENGTH DATA ELEMENTS
- fixed length control field: 181031|| aca||aabn | a|a d
040 ## - CATALOGING SOURCE
- Original cataloging agency: NUST
- Transcribing agency: NUST
150 ## - HEADING--TOPICAL TERM
- Topical term or geographic name entry element: Executive ability.
670 ## - SOURCE DATA FOUND
- Source citation: Work cat.: (NUST)0: 7 measures of success :, 2006.
